| 000 | 01834nas a22003015i 4500 | ||
|---|---|---|---|
| 001 | 3091-4507 | ||
| 003 | DE-He213 | ||
| 005 | 20260304140733.0 | ||
| 007 | cr nn 008mamaa | ||
| 008 | 150723s||||||||sz uu poo|||||| b|EN |d | ||
| 022 | _a3091-4507 | ||
| 024 | 7 |
_a10.1007/13634.1687-6180 _2doi |
|
| 210 | 1 | 0 | _aJ. Adv. Signal Process. |
| 245 | 1 | 0 |
_aJournal on Advances in Signal Processing _h[electronic resource] / _cedited by Pascal Frossard, Maria Sabrina Greco, Weijie Yuan. |
| 264 | 1 |
_aCham : _bSpringer International Publishing : _bImprint: Springer. |
|
| 300 | _bonline resource. | ||
| 520 | _aThe aim of the Journal on Advances in Signal Processing is to highlight the theoretical and practical aspects of signal processing in new and emerging technologies. The journal is directed as much at the practicing engineer as at the academic researcher. Authors of articles with novel contributions to the theory and/or practice of signal processing are welcome to submit their articles for consideration. All manuscripts undergo a rigorous review process. Journal on Advances in Signal Processing employs a paperless, electronic review process to enable a fast and speedy turnaround in the review process. The journal is an Open Access journal since 2007. | ||
| 650 | 0 | _aSignal processing. | |
| 650 | 0 | _aSpintronics. | |
| 650 | 1 | 4 | _aSignal, Speech and Image Processing. |
| 650 | 2 | 4 | _aSpintronics. |
| 700 | 1 |
_aFrossard, Pascal. _eeditor. _4edt _4http://id.loc.gov/vocabulary/relators/edt _924233 |
|
| 700 | 1 |
_aGreco, Maria Sabrina. _eeditor. _4edt _4http://id.loc.gov/vocabulary/relators/edt _924234 |
|
| 700 | 1 |
_aYuan, Weijie. _eeditor. _4edt _4http://id.loc.gov/vocabulary/relators/edt _924235 |
|
| 710 | 2 | _aSpringerLink (Online service) | |
| 856 | 4 | 0 |
_uhttps://doi.org/10.1007/13634.1687-6180 _zOpen Access |
| 999 |
_c579958 _d579958 |
||